Physical pharmacy and instrumental methods of analysis (Record no. 166515)

MARC details
000 -LEADER
fixed length control field 00777nam a22001937a 4500
010 ## - LCCN (DPL NO)
LC control number ENG-126087
020 ## - INTERNATIONAL STANDARD BOOK NUMBER
International Standard Book Number 978-93-8546-290-0
Terms of availability 995.00
035 ## - SYSTEM CONTROL NUMBER
System control number EN-109619
037 ## - SOURCE OF ACQUISITION
Source of stock number/acquisition DBAD/PUB
082 ## - DEWEY DECIMAL CLASSIFICATION NUMBER
Classification number 615.19
100 ## - MAIN ENTRY--PERSONAL NAME
Personal name Akhter, Mymoona and Alam, M.Mumtaz
245 ## - TITLE STATEMENT
Title Physical pharmacy and instrumental methods of analysis
Statement of responsibility, etc by Mymoona Akhter and M. Mumtaz Alam
260 ## - PUBLICATION, DISTRIBUTION, ETC. (IMPRINT)
Place of publication, distribution, etc New Delhi
Name of publisher, distributor, etc Ane Books Pvt. Ltd.
Date of publication, distribution, etc 2018
270 ## - ADDRESS
Address 4821, Parwana Bhawan, 1st floor, 24 Ansari Road, Darya Ganj,
City New Delhi
Postal code 110002
Telephone number +91(011)23276843-44
Electronic mail address www.anebooks.com; kapoor@anebooks.com
Fax number +91(001)23276863
300 ## - PHYSICAL DESCRIPTION
Extent 225p.
Other physical details 24cm(hb)
Dimensions ill.
500 ## - GENERAL NOTE
General note its include table and figure
700 ## - ADDED ENTRY--PERSONAL NAME
Personal name Mymoona Akhter and M.Mumtaz Alam
942 ## - ADDED ENTRY ELEMENTS (KOHA)
Source of classification or shelving scheme Dewey Decimal Classification
Item type English Books
Classification part 615.19
Call number suffix AKH
Holdings
Withdrawn status Lost status Not for loan Collection code Home library Current library Date acquired Source of acquisition Cost, normal purchase price Full call number Barcode Copy number Cost, replacement price Koha item type
      Non-fiction Bawana Bawana 26/07/2019 DBAD/PUB 995.00 615.19 AKH EN-109619 1 995.00 English Books

© Delhi Public Library
Hit Counter
free hit counter